000 00373nam a2200145Ia 4500
008 150201s1997 xx 000 0 und d
082 _a611
_bH1997H
100 _aMARTIN R. HOWARD
245 _aHAEMATOLOGY : AN ILLUSTRATED COLOUR TEXT
250 _a1ST
260 _bCHURCHILL LIVINGSTONE
_aEDINBURGH
_c1997
300 _a1-110
650 _aHAEMATOLOGY
942 _2ddc
_cBK
999 _c2584
_d2584